000 00822 aa a2200217 4500
008 081020t xxu||||| |||| 00| 0 eng d
010 _aENG-84088
020 _a8176297534
020 _c380.00 (hb)
035 _aEN-67621
082 _a336.36095
245 _aDebt management in globalised Asia:
_bchallenges and options /
_cedited by P Jegdish Gandhi and M J Joseph
260 _aNew Delhi
_bDeep and Deep Publications
260 _c2006
300 _axx,178p
_c22cm
500 _aIncludes bibliographical references and index
700 _aGandhi, P Jegdish
_ced
700 _aJoseph, M J
_ced
942 _2ddc
_cEN
_h336.36095
_mDEB
999 _c17055
_d17055